MARC details
| 000 -CABECERA |
| campo de control de longitud fija |
00818cam a2200253 a 4500 |
| 001 - NÚMERO DE CONTROL |
| campo de control |
000002866 |
| 005 - FECHA Y HORA DE LA ÚLTIMA TRANSACCIÓN |
| campo de control |
20200929150256.0 |
| 008 - DATOS DE LONGITUD FIJA--INFORMACIÓN GENERAL |
| campo de control de longitud fija |
860528s1988 sp 000 f spa |
| 020 ## - NÚMERO INTERNACIONAL ESTÁNDAR DEL LIBRO |
| Número Internacional Estándar del Libro |
8432040517 |
| 020 ## - NÚMERO INTERNACIONAL ESTÁNDAR DEL LIBRO |
| Número Internacional Estándar del Libro |
0385234902 |
| 040 ## - FUENTE DE LA CATALOGACIÓN |
| Centro catalogador/agencia de origen |
DO-SdBNP |
| Centro/agencia transcriptor |
DLC |
| Centro/agencia modificador |
DLC |
| 041 17 - CÓDIGO DE LENGUA |
| Código de lengua del texto/banda sonora o título independiente |
spa |
| Código de lengua original |
eng |
| Fuente del código |
Código de idioma MARC |
| 082 ## - NÚMERO DE LA CLASIFICACIÓN DECIMAL DEWEY |
| Número de clasificación |
813.54 |
| Número de documento/Ítem |
G878p |
| 100 1# - ENTRADA PRINCIPAL--NOMBRE DE PERSONA |
| Nombre de persona |
Gross, Martin, |
| Fechas asociadas al nombre |
1925- |
| 9 (RLIN) |
9107 |
| 245 13 - MENCIÓN DE TÍTULO |
| Título |
El presidente rojo / |
| Mención de responsabilidad, etc. |
Martin Gross ; traducción, verónica Fernádez-Muro. |
| 260 ## - PUBLICACIÓN, DISTRIBUCIÓN, ETC. |
| Lugar de publicación, distribución, etc. |
Barcelona : |
| Nombre del editor, distribuidor, etc. |
Planeta, |
| Fecha de publicación, distribución, etc. |
1988. |
| 300 ## - DESCRIPCIÓN FÍSICA |
| Extensión |
397 p. ; |
| Dimensiones |
21 cm. |
| 440 #0 - MENCIÓN DE SERIE/PUNTO DE ACCESO ADICIONAL--TÍTULO |
| Título |
Contemporánea |
| 9 (RLIN) |
9108 |
| 534 ## - NOTA SOBRE LA VERSIÓN ORIGINAL |
| Encabezamiento principal del original |
Título original: The red president |
| 650 #4 - PUNTO DE ACCESO ADICIONAL DE MATERIA--TÉRMINO DE MATERIA |
| Término de materia o nombre geográfico como elemento de entrada |
Novela estadounidense |
| 9 (RLIN) |
262 |
| 650 #4 - PUNTO DE ACCESO ADICIONAL DE MATERIA--TÉRMINO DE MATERIA |
| Término de materia o nombre geográfico como elemento de entrada |
Literatura estadounidense |
| 9 (RLIN) |
263 |
| 700 1# - PUNTO DE ACCESO ADICIONAL--NOMBRE DE PERSONA |
| Nombre de persona |
Fernández-Muro, Verónica, |
| Término indicativo de función/relación |
tr. |
| 9 (RLIN) |
9109 |
| 910 ## - DATOS DE OPCIÓN DEL USUARIO (OCLC) |
| Datos de opción del usuario |
Catalogación por copia / LC |